Беседы о детях-героях Великой Отечественной войны

Bibliografiske detaljer
Hovedforfatter: Шорыгина Т. А. Татьяна Андреевна
Summary:В пособии рассказывается о подвигах детей-героев во время Великой Отечественной войны. Дети наравне со взрослыми боролись с врагом, вступали в партизанские отряды, ходили в разведку, подрывали на железной дороге вражес­кие поезда, груженные пушками, танками, зенитными ору­диями.Дети 11—14 лет проявляли исключительную смелость, находчивость. Многие из них награждены орденами и ме­далями, некоторым присвоено звание Героя Советского Со­юза. К несчастью, большинство детей-героев погибли смер­тью храбрых и награждены посмертно.
Sprog:russisk
Udgivet: Москва, Сфера, 2015
Serier:Вместе с детьми
Fag:
Format: MixedMaterials Bog
KOHA link:https://koha.lib.tpu.ru/cgi-bin/koha/opac-detail.pl?biblionumber=282712

MARC

LEADER 00000nam0a2200000 4500
001 282712
005 20231101235526.0
010 |a 9785994904411 
035 |a (RuTPU)RU\TPU\book\306668 
090 |a 282712 
100 |a 20150203d2015 m y0rusy50 ca 
101 0 |a rus 
102 |a RU 
105 |a a z 001zy 
200 1 |a Беседы о детях-героях Великой Отечественной войны  |f Т. А. Шорыгина 
210 |a Москва  |c Сфера  |d 2015 
215 |a 78 с.  |c ил. 
225 1 |a Вместе с детьми 
320 |a Библиогр.: с. 77. 
330 |a В пособии рассказывается о подвигах детей-героев во время Великой Отечественной войны. Дети наравне со взрослыми боролись с врагом, вступали в партизанские отряды, ходили в разведку, подрывали на железной дороге вражес­кие поезда, груженные пушками, танками, зенитными ору­диями.Дети 11—14 лет проявляли исключительную смелость, находчивость. Многие из них награждены орденами и ме­далями, некоторым присвоено звание Героя Советского Со­юза. К несчастью, большинство детей-героев погибли смер­тью храбрых и награждены посмертно. 
606 1 |a Детская литература, познавательная  |2 stltpush  |3 (RuTPU)RU\TPU\subj\9360  |9 36620 
610 1 |a история 
610 1 |a Великая Отечественная война 1941-1945 
610 1 |a 20 век 
610 1 |a дети 
610 1 |a подвиги 
610 1 |a партизанские отряды 
610 1 |a сценарии 
610 1 |a день Победы 
610 1 |a биографии 
675 |a 087:Т  |v 4 
700 1 |a Шорыгина  |b Т. А.  |g Татьяна Андреевна 
801 1 |a RU  |b 63413507  |c 20150203 
801 2 |a RU  |b 63413507  |c 20150320  |g RCR 
942 |c BK 
959 |a 11/20150203  |d 1  |e 84,00  |f ЧЗГЛ:1